|
|
|
|
| LEADER |
00952nam a2200253 a 4500 |
| 001 |
11785474 |
| 008 |
120109s2000 njua b 001 0 eng d |
| 010 |
|
|
|a 99045772
|
| 020 |
|
|
|a 0130863882
|
| 020 |
|
|
|a 0130843709
|
| 040 |
|
|
|a DLC
|c DLC
|d DLC
|c BD-DhAAL
|
| 042 |
|
|
|a pcc
|
| 082 |
0 |
0 |
|a 004.6
|2 21
|
| 100 |
1 |
|
|a Stallings, William.
|
| 245 |
1 |
0 |
|a Data and computer communications /
|c William Stallings.
|
| 250 |
|
|
|a 6th ed.
|
| 260 |
|
|
|a Upper Saddle River, N.J. :
|b Prentice Hall,
|c c2000.
|
| 300 |
|
|
|a xx, 810 p. :
|b ill. (some col.) ;
|c 24 cm.
|
| 504 |
|
|
|a Includes bibliographical references (p. [793]-799) and index.
|
| 541 |
1 |
|
|e 00012289
|
| 650 |
|
0 |
|a Data transmission systems.
|
| 852 |
1 |
|
|a Ayesha Abed library
|c General Shelf
|
| 999 |
|
|
|c 11736
|d 11736
|
| 952 |
|
|
|0 0
|1 0
|2 ddc
|4 0
|6 004_600000000000000_STA
|7 0
|9 19093
|a BRACUL
|b BRACUL
|c GEN
|d 2012-01-09
|l 4
|m 7
|o 004.6 STA
|p 3010012289
|r 2024-01-24
|s 2024-01-23
|t 1
|w 2012-01-09
|y BK
|x Price not available in Register
|